Rendición de cuentas y programas sociales (Registro nro. 7028)

Detalles MARC
000 -LEADER
fixed length control field 00995 a2200217 4500
001 - CONTROL NUMBER
control field 60518
005 - DATE AND TIME OF LATEST TRANSACTION
control field 20260407155856.0
008 - FIXED-LENGTH DATA ELEMENTS--GENERAL INFORMATION
fixed length control field 260407a2010 arg spa d
003 - CONTROL NUMBER IDENTIFIER
control field AR-UNSa-BCEJYS
040 ## - CATALOGING SOURCE
Original cataloging agency AR-UNSa-BCEJYS
Language of cataloging spa
Transcribing agency AR-UNSa-BCEJYS
080 ## - UNIVERSAL DECIMAL CLASSIFICATION NUMBER
Universal Decimal Classification number 304.4
Common auxiliary subdivision Aspectos generales de las políticas y prácticas sociales y culturales (política social)
020 ## - INTERNATIONAL STANDARD BOOK NUMBER
International Standard Book Number 978-987-1479-24-5
041 ## - LANGUAGE CODE
Language code of text/sound track or separate title spa
100 1# - MAIN ENTRY--PERSONAL NAME
Personal name Pereyra Iraola, Victoria
245 10 - TITLE STATEMENT
Title Rendición de cuentas y programas sociales
Name of part/section of a work Los programas de transferencias condicionadas en América Latina
264 #1 - PRODUCTION, PUBLICATION, DISTRIBUTION, MANUFACTURE, AND COPYRIGHT NOTICE
Place of production, publication, distribution, manufacture Buenos Aires :
Name of producer, publisher, distributor, manufacturer CIPPEC
Date of production, publication, distribution, manufacture, or copyright notice 2010
300 ## - PHYSICAL DESCRIPTION
Extent 131 p.
Dimensions 23 cm.
505 ## - FORMATTED CONTENTS NOTE
Formatted contents note 1. Rendición de cuentas y programas de transferencias condicionadas: enfoques para la protección social - 2. Rendición de cuentas, transparencia y sistema de información en las distintas etapas de implementación de los programas de transferencias condicionadas -
590 ## - LOCAL NOTE (RLIN)
Local note niveau_biblio:m niveau_hierar:0
942 ## - ADDED ENTRY ELEMENTS (KOHA)
Koha item type
Existencias
Withdrawn status Lost status Damaged status Not for loan Home library Current library Shelving location Date acquired Total checkouts Full call number Barcode Date last seen Price effective from Koha item type
        Biblioteca Prof. Eusebio Cleto del Rey Biblioteca Prof. Eusebio Cleto del Rey   07/04/2026   304.4 P434 L129220 07/04/2026 07/04/2026 Libro